Statistics for Actresses you probably don't know [pic]

Click here to take the quiz!

General Stats

  • This quiz has been taken 16 times
  • The average score is 6 of 16

Answer Stats

Answer% Correct
Helena Bonham Carter
93%
Olivia Wilde
86%
Tilda Swinton
86%
Reba McEntire
79%
Denise Richards
64%
Hattie McDaniel
43%
Olivia Colman
36%
Pauley Perrette
29%
Heather Graham
21%
Carla Gugino
14%
Lucy Lawless
14%
Maggie Q
7%
Mary Elizabeth Winstead
7%
Michaela Conlin
7%
Oona Chaplin
7%
Bae Doona
0%

Score Distribution

Percentile by Number Answered

Percent of People with Each Score

Your Score History

You have not taken this quiz